Southville International School and Colleges
Your cart is empty.
  • Cart
  • Lists
    Public lists Eva Luna New books Lux_list list_1
    Your lists Log in to create your own lists
  • Log in to your account
  • Your cookies
  • Search history
Southville International School and Colleges
  • Advanced search
  • Recent comments
  • Most popular
  • Libraries

Log in to your account

Log in with GOOGLE


If you do not have an external account, but do have a local account, you can still log in:

  1. Home
  2. MARC view: A first look at the Philippine birds /
Normal view MARC view ISBD view

A first look at the Philippine birds / (Record no. 8339)

[ view plain ]
MARC details
000 -LEADER
fixed length control field 00594nam a22002057a 4500
003 - CONTROL NUMBER IDENTIFIER
control field OSt
005 - DATE AND TIME OF LATEST TRANSACTION
control field 20140310182020.0
008 - FIXED-LENGTH DATA ELEMENTS--GENERAL INFORMATION
fixed length control field 130731t xxu||||| |||| 00| 0 eng d
020 ## - INTERNATIONAL STANDARD BOOK NUMBER
International Standard Book Number 9716300565
050 ## - LIBRARY OF CONGRESS CALL NUMBER
Classification number QL 673
Item number .P295 1999
082 ## - DEWEY DECIMAL CLASSIFICATION NUMBER
Classification number FIL 570.9
Item number P27 1999
100 ## - MAIN ENTRY--PERSONAL NAME
Personal name Paterno, Maria Elena
9 (RLIN) 7029
245 ## - TITLE STATEMENT
Title A first look at the Philippine birds /
Statement of responsibility, etc Maria Elena Paterno.
260 ## - PUBLICATION, DISTRIBUTION, ETC. (IMPRINT)
Place of publication, distribution, etc Manila :
Name of publisher, distributor, etc Tahanan Books for Young Readers,
Date of publication, distribution, etc 1994.
300 ## - PHYSICAL DESCRIPTION
Extent 24 p. :
Dimensions 21 cm.
541 ## - IMMEDIATE SOURCE OF ACQUISITION NOTE
-- 1
562 ## - COPY AND VERSION IDENTIFICATION NOTE
Number of copies 1
650 ## - SUBJECT ADDED ENTRY--TOPICAL TERM
Topical term or geographic name as entry element Birds
General subdivision Philippines
9 (RLIN) 7030
942 ## - ADDED ENTRY ELEMENTS (KOHA)
Source of classification or shelving scheme Library of Congress Classification
Koha item type
Call number prefix Filipininana
Holdings
Withdrawn status Lost status Source of classification or shelving scheme Damaged status Home library Current library Shelving location Date acquired Total Checkouts Full call number Barcode Date last seen Copy number Price effective from Koha item type
    Library of Congress Classification   Luxembourg Library Luxembourg Library Filipiniana Section 07/31/2013   QL 673 .P295 1999 15300 08/13/2013 1 07/31/2013 Books

A first look at the Philippine birds /

APA

Paterno M. E., . (1994). A first look at the Philippine birds. Manila: Tahanan Books for Young Readers.

Chicago

Paterno Maria Elena, . 1994. A first look at the Philippine birds. Manila: Tahanan Books for Young Readers.

Harvard

Paterno M. E., . (1994). A first look at the Philippine birds. Manila: Tahanan Books for Young Readers.

MLA

Paterno Maria Elena, . A first look at the Philippine birds. Manila: Tahanan Books for Young Readers. 1994.

  • Place hold
  • Print
  • Cite
  • Add to your cart (remove)
  • Save record
    BIBTEX Dublin Core MARCXML MARC (non-Unicode/MARC-8) MARC (Unicode/UTF-8) MARC (Unicode/UTF-8, Standard) MODS (XML) RIS
  • More searches
    Search for this title in:
    Other Libraries (WorldCat) Other Databases (Google Scholar) Online Stores (Bookfinder.com) Open Library (openlibrary.org)

Exporting to Dublin Core...

SOUTHVILLE LIBRARY

Southville International School and Colleges Library

1281 Tropical Ave. Cor. Luxembourg St., BF Homes International, Las Pinas City

Tel. No. 8256374 / 252358 Loc. 117/146

Powered by Koha